000 00644nam a2200205 u 4500
005 20210223132745.0
008 151021s2000 cl r 000 0 spa d
020 _a958681162X
035 _aUPN01000206228
049 _aI
050 4 _aTL547
_bC3.4
100 1 _aCarrizosa Castro, Enrique,
_d1928-
_938207
245 1 0 _aJulián el Angel Guardián y la aviación /
_cEnrique Carrizosa Castro.
260 _aBogotá :
_bMigema,
_cc2000.
300 _a12 p. :
_bil. col.
440 0 _aJulián el Angel Guardián
650 4 _aAVIONES -
_vLITERATURA INFANTIL
_918131
650 4 _aAERONAUTICA -
_vLITERATURA INFANTIL
_918132
905 _aInfantil
999 _c178329
_d178329